The third world

Αποθηκεύτηκε σε:
Λεπτομέρειες βιβλιογραφικής εγγραφής
Κύριος συγγραφέας: Worsley, Peter, 1924-2013
Μορφή: Βιβλίο
Γλώσσα:English
Δημοσίευση: London : Weidenfeld & Nicolson, 1967.
Έκδοση:2η έκδ.
Σειρά:(The Nature of human society series)
(Weidenfeld goldbacks)
Θέματα:
Ετικέτες: Προσθήκη ετικέτας
Δεν υπάρχουν, Καταχωρήστε ετικέτα πρώτοι!

MARC

LEADER 00000cam a2200000 a 4500
001 1/113440
008 170321s1967####enk| ||| |||| ||eng||
040 |a GR-MyUa  |b gre  |c GR-MyUa  |e AACR2 
041 0 |a eng 
082 7 |a 320.967   |2 (23) 
100 1 |a Worsley, Peter,   |d 1924-2013. 
245 1 4 |a The third world /   |c Peter Worsley.  
250 |a 2η έκδ.  
260 |a London :   |b Weidenfeld & Nicolson,   |c 1967.  
300 |a xvi, 373 σ. ;   |c 23 εκ.  
490 0 |a (The Nature of human society series) 
490 0 |a (Weidenfeld goldbacks)  
504 |a Βιβλιογραφία: σ. 349-364.  
651 0 |a Africa, Sub-Saharan  |x Politics and government. 
651 0 |a Developing countries  |x Politics and government. 
852 |a INST  |b LESVOS  |e 20170321  |h 320.967 WOR  |p 005100058944  |q 005100058944  |t BK  |y 0 
970 |a Τζαφέρη  |b Ευαγγελία  |z 21-03-2017